Womanhood : (Record no. 41379)
[ view plain ]
| 000 -LEADER | |
|---|---|
| fixed length control field | 00425 a2200157 4500 |
| 008 - FIXED-LENGTH DATA ELEMENTS--GENERAL INFORMATION | |
| fixed length control field | 130514b xxu||||| |||| 00| 0 eng d |
| 020 ## - INTERNATIONAL STANDARD BOOK NUMBER | |
| International Standard Book Number | 9966768548 |
| 050 ## - LIBRARY OF CONGRESS CALL NUMBER | |
| Classification number | HQ1127.I85 2008 |
| 100 ## - MAIN ENTRY--PERSONAL NAME | |
| Personal name | Isiguzo,Irene Nndali |
| 245 ## - TITLE STATEMENT | |
| Title | Womanhood : |
| Remainder of title | the hidden treasures / |
| Statement of responsibility, etc | Irene Nndali Isiguzo |
| 260 ## - PUBLICATION, DISTRIBUTION, ETC. (IMPRINT) | |
| Date of publication, distribution, etc | 2008 |
| Name of publisher, distributor, etc | Uzima Press |
| Place of publication, distribution, etc | Nairobi,Kenya |
| 300 ## - PHYSICAL DESCRIPTION | |
| Extent | Xii,112p. |
| 650 ## - SUBJECT ADDED ENTRY--TOPICAL TERM | |
| Topical term or geographic name as entry element | Women. |
| 650 ## - SUBJECT ADDED ENTRY--TOPICAL TERM | |
| Topical term or geographic name as entry element | Puberty. |
| 942 ## - ADDED ENTRY ELEMENTS (KOHA) | |
| Item type | Book |
| Source of classification or shelving scheme | Library of Congress Classification |
| Withdrawn status | Lost status | Source of classification or shelving scheme | Damaged status | Not for loan | Collection code | Home library | Current library | Shelving location | Date acquired | Source of acquisition | Total Checkouts | Full call number | Barcode | Date last borrowed | Copy number | Price effective from | Koha item type | Total Renewals | Date last seen |
|---|---|---|---|---|---|---|---|---|---|---|---|---|---|---|---|---|---|---|---|
| Library of Congress Classification | Non-fiction | Bishop Okullu Memorial Library (Limuru Campus) | Bishop Okullu Memorial Library (Limuru Campus) | General Circulation | 14/05/2013 | purchase | 6 | HQ1127.I85 2008 | 035620 | 02/03/2017 | 1 | 14/05/2013 | Book | ||||||
| Library of Congress Classification | Non-fiction | Bishop Okullu Memorial Library (Limuru Campus) | Bishop Okullu Memorial Library (Limuru Campus) | General Circulation | 14/05/2013 | purchase | 22 | HQ1127.I85 2008 | 035622 | 11/12/2023 | 4 | 14/05/2013 | Book | 4 | 15/01/2024 | ||||
| Library of Congress Classification | Non-fiction | Nairobi Campus | Nairobi Campus | General Circulation | 14/05/2013 | purchase | 15 | HQ1127.I85 2008 | 035621 | 06/01/2020 | 2 | 14/05/2013 | Book | ||||||
| Library of Congress Classification | Non-fiction | Nakuru Campus | Nakuru Campus | General Circulation | 14/05/2013 | purchase | 7 | HQ1127.I85 2008 | 035623 | 21/08/2015 | 3 | 14/05/2013 | Book |